Über das phytoseston der eutrophierten Theiss (Tisza) I. Beobachtungen im Juli 1968
Elmentve itt :
| Szerző: | |
|---|---|
| Dokumentumtípus: | Cikk |
| Megjelent: |
1969
|
| Sorozat: | Tiscia
|
| Kulcsszavak: | Természettudomány |
| Online Access: | http://acta.bibl.u-szeged.hu/9675 |
| LEADER | 00611nab a2200181 i 4500 | ||
|---|---|---|---|
| 001 | acta9675 | ||
| 005 | 20210323135409.0 | ||
| 008 | 161015s1969 hu o 0|| ger d | ||
| 022 | |a 0563-587X | ||
| 040 | |a SZTE Egyetemi Kiadványok Repozitórium |b hun | ||
| 041 | |a ger | ||
| 100 | 1 | |a Uherkovich G. | |
| 245 | 1 | 0 | |a Über das phytoseston der eutrophierten Theiss (Tisza) I. Beobachtungen im Juli 1968 |h [elektronikus dokumentum] / |c Uherkovich G. |
| 260 | |c 1969 | ||
| 300 | |a 37-47 | ||
| 490 | 0 | |a Tiscia | |
| 695 | |a Természettudomány | ||
| 856 | 4 | 0 | |u http://acta.bibl.u-szeged.hu/9675/1/tiscia_005_037-047.pdf |z Dokumentum-elérés |